Willy Wonka Golden Ticket Lyrics Quiz Stats

 Plays Quiz not verified by Sporcle

Score 0/243 Timer 12:00
0 Plays Today
% Correct
a
99.2%
a
99.2%
a
99.2%
the
99.2%
a
99.2%
the
99.2%
a
99.2%
a
99.2%
the
99.2%
the
99.2%
the
99.2%
and
99.2%
the
99.2%
the
99.2%
the
99.2%
a
99.2%
a
99.2%
and
99.2%
a
99.2%
a
99.2%
the
99.2%
the
99.2%
a
99.2%
a
99.2%
a
99.2%
and
99.2%
a
99.2%
a
99.2%
I
98.8%
I
98.8%
I
98.8%
I
98.8%
I
98.8%
I
98.8%
I
98.8%
I
98.8%
I
98.8%
I
98.8%
I
98.8%
I
98.8%
golden
95.8%
golden
95.8%
golden
95.8%
golden
95.8%
golden
95.8%
golden
95.8%
golden
95.8%
golden
95.8%
golden
95.8%
golden
95.8%
golden
95.8%
golden
95.8%
golden
95.8%
ticket
95.4%
ticket.
95.4%
ticket
95.4%
ticket
95.4%
ticket.
95.4%
ticket.
95.4%
ticket
95.4%
got
93.8%
got
93.8%
got
93.8%
got
93.8%
got
93.8%
got
93.8%
got
93.8%
got
93.8%
got
93.8%
my
91.3%
my
91.3%
my
91.3%
my
91.3%
be
90.8%
I've
90.8%
I've
90.8%
I've
90.8%
I've
90.8%
I've
90.8%
be
90.8%
be
90.8%
% Correct
be
90.8%
be
90.8%
I've
90.8%
i've
90.8%
be
90.8%
be
90.8%
be
90.8%
I've
90.8%
I've
90.8%
I've
90.8%
to
90.4%
to
90.4%
to
90.4%
to
90.4%
to
90.4%
to
90.4%
to
90.4%
in
87.5%
in
87.5%
in
87.5%
in
87.5%
in
87.5%
never
87.1%
never
87.1%
never
87.1%
never
87.1%
never
87.1%
never
87.1%
never
87.1%
thought
85.8%
thought
85.8%
thought
85.8%
an
85.4%
could
85%
could
85%
could
85%
life
83.8%
but
83.8%
but
83.8%
but
83.8%
but
83.8%
but
83.8%
but
83.8%
but
83.8%
it
83.3%
it
83.3%
It
83.3%
it
83.3%
see
81.7%
see
81.7%
good
81.3%
Good
81.3%
Good
81.3%
day
80.4%
day.
80.4%
day.
80.4%
cause
80%
cause
80%
cause
80%
cause
80%
Cause
80%
cause
80%
Cause
80%
anything
78.8%
me
77.9%
sun
77.9%
sun.
77.9%
sun!
77.9%
It's
77.5%
that
77.5%
it's
77.5%
that
77.5%
it's
77.5%
that
77.5%
it's
77.5%
that
77.5%
it's
77.5%
for
77.1%
that
76.7%
chance
76.3%
chance
76.3%
% Correct
chance
76.3%
of
75.8%
of
75.8%
would
73.8%
would
73.8%
would
73.8%
at
73.3%
at
73.3%
eye
72.5%
Look
72.5%
Look
72.5%
catastrophe
70.8%
suddenly
70.4%
luck
70.4%
suddenly
70.4%
way
70%
way
70%
make
69.6%
make
69.6%
twinkle
69.2%
with
68.3%
with
68.3%
morning.
67.1%
morning!
67.1%
had
66.3%
bit
65.8%
I'd
64.6%
can
64.2%
is
63.3%
done
62.5%
done.
62.5%
done
62.5%
done.
62.5%
world
62.1%
world
62.1%
sky.
61.3%
have
61.3%
have
61.3%
when
60.8%
up
60.4%
begin
60%
say
60%
over
59.6%
over
59.6%
couldn't
58.8%
couldn't
58.8%
moon
57.5%
moon
57.5%
what
56.7%
Charlie!
55.4%
mine
55%
said
53.3%
said
53.3%
thing
52.5%
ours
52.1%
sing
51.7%
amazing
51.7%
face
51.7%
shine
51.3%
song
50.8%
happy
50%
dreamed
48.8%
dreamed
48.8%
ecstasy
47.9%
ecstasy
47.9%
luxury
47.5%
half
47.1%
about
45%
about
45%
lap
44.6%
i'm
43.8%
i'm
43.8%
climb
42.1%
climb
42.1%
slap
39.6%
there
39.6%
there
39.6%
nevertheless
35%
nevertheless
35%
shortly
33.8%
shortly
33.8%

You're not logged in!

Compare scores with friends on all Sporcle quizzes.
OR
Log In

Show Comments

Extras

Top Quizzes Today


Score Distribution

Your Account Isn't Verified!

In order to create a playlist on Sporcle, you need to verify the email address you used during registration. Go to your Sporcle Settings to finish the process.

Report this User

Report this user for behavior that violates our Community Guidelines.

Details: